header

Crusade and Christendom (Record no. 113244)

MARC details
000 -LEADER
fixed length control field 01704nam a2200397Ia 4500
082 04 - DEWEY DECIMAL CLASSIFICATION NUMBER
Classification number 909.07
245 00 - TITLE STATEMENT
Title Crusade and Christendom
260 ## - PUBLICATION, DISTRIBUTION, ETC. (IMPRINT)
Place of publication Philadelphia :
Name of publisher University of Pennsylvania Press,
Year of publication c2013.
300 ## - PHYSICAL DESCRIPTION
Number of Pages xxii, 512 p. :
Other physical details maps.
490 0# - SERIES STATEMENT
Series statement The Middle Ages series
650 #0 - SUBJECT ADDED ENTRY--TOPICAL TERM
Topical Term Christianity and culture
Topical Term Church history
Topical Term Crusades
700 1# - ADDED ENTRY--PERSONAL NAME
Personal name Bird, Jessalynn Lea.
Personal name Peters, Edward,
Personal name Powell, James M.
856 40 - ELECTRONIC LOCATION AND ACCESS
Uniform Resource Identifier http://site.ebrary.com/lib/rucke/Doc?id=10748427

No items available.

© 2026 Rongo University
Contact us: librarian | system librarian | Rongo university